000 00453nam a2200133Ia 4500
005 20260328104344.0
008 260328s9999||||xx |||||||||||||| ||und||
100 _aMüller-Brockmann, Josef
245 0 _aGrid Systems in Graphic Design :
_b A Visual Communication Manual for Graphic Designers, typographers and three dimensional Designers /
_cJosef Müller-Brockmann
260 _bNiggli
300 _a176 p.
650 _aDISEÑO GRÁFICO
942 _cBK
999 _c12220
_d12220